Państwa, które produkują najwięcej marakuji - Statystyki

Ogólne statystyki
  • Ten quiz został rozwiązany 136 razy
  • Średni wynik to 11 z 15
Statystyki odpowiedzi
Tony Państwa % Poprawnych
1 090 000 Brazylia
92%
189 480 Indie
89%
129 700 Meksyk
88%
223 860 Stany Zjednoczone
88%
222 140 Indonezja
82%
318 800 Kolumbia
77%
114 260 Tajlandia
75%
227 630 Australia
74%
234 500 Wietnam
73%
100 950 Malezja
68%
176 440 Filipiny
65%
189 022 Republika Południowej Afryki
62%
169 260 Ekwador
60%
121 050 Nigeria
47%
80 940 Kenia
45%
Nie znaleziono quizów pasujących do podanych kryteriów
Rozkład punktacji
Procent ludzi z każdym wynikiem
Percentyl według liczby udzielonych odpowiedzi
Twoja historia wyników
Nie rozwiązałeś tego quizu